Mariano Marcos State University

University Library System

The Influence of nitrogen fertilization and plant population density on yield and yield components of three-grain sorghum varieties (Record no. 9723)

MARC details
000 -LEADER
fixed length control field 00612nam a22001697a 4500
003 - CONTROL NUMBER IDENTIFIER
control field OSt
005 - DATE AND TIME OF LATEST TRANSACTION
control field 20171010095515.0
008 - FIXED-LENGTH DATA ELEMENTS--GENERAL INFORMATION
fixed length control field 120814t xxu||||| |||| 00| 0 eng d
040 ## - CATALOGING SOURCE
Original cataloging agency MMSU
Transcribing agency ULS
100 ## - MAIN ENTRY--PERSONAL NAME
Personal name Ricamonte, Edgar F.
9 (RLIN) 12147
245 ## - TITLE STATEMENT
Title The Influence of nitrogen fertilization and plant population density on yield and yield components of three-grain sorghum varieties
Statement of responsibility, etc. Edgar F. Ricamonte
260 ## - PUBLICATION, DISTRIBUTION, ETC.
Date of publication, distribution, etc. 1997
300 ## - PHYSICAL DESCRIPTION
Extent xv, 68 leaves
Dimensions 28 cm.
500 ## - GENERAL NOTE
General note Thesis (MS Agronomy) -- University of the Philippines, Los BaƱos, Laguna
504 ## - BIBLIOGRAPHY, ETC. NOTE
Bibliography, etc. note Bibliography: leaves 46-52
942 ## - ADDED ENTRY ELEMENTS (KOHA)
Source of classification or shelving scheme
Koha item type Thesis/Dissertation
Holdings
Withdrawn status Lost status Source of classification or shelving scheme Damaged status Not for loan Home library Current library Date acquired Total Checkouts Barcode Date last seen Price effective from Koha item type Public note
          REF REF 08/14/2012   195-Gr 10/10/2017 10/10/2017 Thesis/Dissertation Library Use only

© 2023 Mariano Marcos State University. All Rights Reserved.

Powered by Koha